Some crucial development issues facing Ghana: Ghana Academy of Arts and Sciences proceedings 2001 (Record no. 125)

MARC details
000 -LEADER
fixed length control field 00567nam a2200169Ia 4500
008 - FIXED-LENGTH DATA ELEMENTS--GENERAL INFORMATION
fixed length control field 240428s9999||||xx |||||||||||||| ||und||
020 ## - INTERNATIONAL STANDARD BOOK NUMBER
International Standard Book Number 996495025X
041 ## - LANGUAGE CODE
Language code of text/sound track or separate title eng
082 ## - DEWEY DECIMAL CLASSIFICATION NUMBER
Classification number 320G
100 ## - MAIN ENTRY--PERSONAL NAME
Personal name Ghana Academy of Arts and Sciences( GAAS)
245 #0 - TITLE STATEMENT
Title Some crucial development issues facing Ghana: Ghana Academy of Arts and Sciences proceedings 2001
260 ## - PUBLICATION, DISTRIBUTION, ETC.
Name of publisher, distributor, etc. Ghana Academy of Arts and Sciences
Place of publication, distribution, etc. Accra:
Date of publication, distribution, etc. 2006
300 ## - PHYSICAL DESCRIPTION
Extent 152p.: tabs.;
650 ## - SUBJECT ADDED ENTRY--TOPICAL TERM
Topical term or geographic name entry element Politics and Government- Ghana - Economic Development and Growth- Ghana
942 ## - ADDED ENTRY ELEMENTS (KOHA)
Koha item type Conference Papers and Reports
Holdings
Withdrawn status Lost status Damaged status Not for loan Home library Current library Shelving location Date acquired Total checkouts Full call number Date last seen Copy number Price effective from Koha item type
        Main Library Main Library Open Shelves 05/08/2021   320G 844 C1 29/04/2024 1 29/04/2024 Conference Papers and Reports
©2026  Parliament of Ghana Library - All rights reserved